कुठे आहे स्त्री-पुरूष समानता ? / (Record no. 54270)

MARC details
000 -LEADER
fixed length control field 01048nam a22002297a 4500
005 - DATE AND TIME OF LATEST TRANSACTION
control field 20110722153014.0
008 - FIXED-LENGTH DATA ELEMENTS--GENERAL INFORMATION
fixed length control field 110722t xxu||||| |||| 00| 0 mar d
010 ## - LCCN (DPL NO)
LC control number MAR-21121
020 ## - INTERNATIONAL STANDARD BOOK NUMBER
Terms of availability 100.00
035 ## - SYSTEM CONTROL NUMBER
System control number MR-13779
037 ## - SOURCE OF ACQUISITION
Source of stock number/acquisition DBAD/PUB
040 ## - CATALOGING SOURCE
Original cataloging agency DPL
Language of cataloging MR
082 ## - DEWEY DECIMAL CLASSIFICATION NUMBER
Classification number 305.2
100 ## - MAIN ENTRY--PERSONAL NAME
Personal name आफळे,अलका
9 (RLIN) 29957
245 ## - TITLE STATEMENT
Title कुठे आहे स्त्री-पुरूष समानता ? /
Statement of responsibility, etc अलका आफळे
246 ## - VARYING FORM OF TITLE
Title proper/short title Kuthe Aahe Stri Purush Samanata
Remainder of title by Alka Afale
260 ## - PUBLICATION, DISTRIBUTION, ETC. (IMPRINT)
Place of publication, distribution, etc पुणे
Name of publisher, distributor, etc उन्मेष प्रकाशन
Date of publication, distribution, etc 2011
270 ## - ADDRESS
Address चंद्रनील अपार्टमेंटस्,सी विंग,सिंहगड रस्ता,
City पुणे
Postal code 411030
300 ## - PHYSICAL DESCRIPTION
Extent 104पृ
Dimensions 21सेमी(अजिल्द)
942 ## - ADDED ENTRY ELEMENTS (KOHA)
Source of classification or shelving scheme Dewey Decimal Classification
Item type Marathi Books
Classification part 305.2
Call number suffix आफळे
Holdings
Withdrawn status Lost status Source of classification or shelving scheme Damaged status Not for loan Collection code Home library Current library Date acquired Source of acquisition Cost, normal purchase price Total Checkouts Full call number Barcode Date last seen Copy number Cost, replacement price Koha item type
    Dewey Decimal Classification   Not For Loan Non-fiction D.B.Act.Division D.B.Act.Division 22/07/2011 DBAD / PUB 100.00   305.2 आफळे MR-13779 22/07/2011 1 100.00 Marathi Books

© Delhi Public Library
Hit Counter
free hit counter